000 00487nam a2200181Ia 4500
001 4360
005 20260306145750.0
008 260306t2021||||xx |||||||||||||| ||spa||
041 _aESP
082 _a320.985
_bE31
100 _aEguiguren Praeli, Francisco J.,
_eAUT
245 0 _aLas relaciones entre el gobierno y el congreso en el régimen político peruano
260 _c2021
300 _a258 páginas :
_c20 cm.
650 _aGEN
654 _aCDE
942 _cLIB
_dJUS
_fJUS
_2ddc
_n
999 _c4360
_d4360